| 000 | 00730nam a2200193 a 4500 | ||
|---|---|---|---|
| 003 | 0 | ||
| 005 | 20250210103743.0 | ||
| 008 | 130129s19uu xx 00 eng d | ||
| 050 |
_aPHS JC 495 _b.J96 2012 |
||
| 100 | _aJusayan, Jesse Jerard Datu. | ||
| 245 |
_aComparison of Adolf Hitler and Ferdinand Marcos on the use of dictatorship and its impact to the constitution / _cJesse Jerard Datu Jusayan. |
||
| 260 |
_aLas PiƱas City, Philippines : _bSouthville International School and Colleges, _c2012. |
||
| 300 |
_a34 pages : _billustrations ; _c28 cm. |
||
| 504 | _aIncludes bibliographical references. | ||
| 650 |
_aConstitutions _xAnalysis. |
||
| 650 |
_aDictators _xInfluence. |
||
| 650 | _aDictatorship. | ||
| 942 |
_2lcc _cPASS |
||
| 999 |
_c98885 _d98885 |
||